书目信息 |
| 题名: |
艺术史上的七次谈话
|
|
| 作者: | 雷诺兹 著 ;庞洵 译 | |
| 分册: | ||
| 出版信息: | 北京 中国人民大学出版社 2004 |
|
| 页数: | 222页 | |
| 开本: | 24cm | |
| 丛书名: | 朗朗书房 | |
| 单 册: | ||
| 中图分类: | J202 | |
| 科图分类: | ||
| 主题词: | 绘画理论 , 油画--美术批评--西方国家 | |
| 电子资源: | ||
| ISBN: | 7-300-05363-7 | |
| 000 | 01139oam2 2200277 45 | |
| 001 | 002647082 | |
| 005 | 20050104114418.9 | |
| 010 | @a7-300-05363-7@dCNY49.80 | |
| 100 | @a20040520d2004 em y0chiy0110 ea | |
| 101 | 1 | @achi@ceng |
| 102 | @aCN@b110000 | |
| 105 | @aa z 000yy | |
| 200 | 1 | @a艺术史上的七次谈话@Ayi shu shi shang de qi ci tan hua@dSeven Discourses on Art by Sir Joshua Reynolds@e雷诺兹给予画家如何奠定艺术基础的忠告@ELei Nuo Zi Gei Yu Hua Jia Ru He Dian Ding Yi Shu Ji Chu De Zhong Gao@f(英)约书亚·雷诺兹著@F(Ying)Yue Shu Ya·Lei Nuo Zi Zhu@g庞洵译 |
| 210 | @a北京@c中国人民大学出版社@d2004 | |
| 215 | @a222页@c图@d24cm | |
| 225 | 2 | @a朗朗书房@h第二辑@i西方艺术史论名著 |
| 330 | @a该书收录了七次谈话内容。收录的演讲中包含了许多当代艺术评论的准则等内容。 | |
| 410 | @12001 @a朗朗书房 | |
| 517 | @a雷诺兹给予画家如何奠定艺术基础的忠告@ALei Nuo Zi Gei Yu Hua Jia Ru He Dian Ding Yi Shu Ji Chu De Zhong Gao | |
| 606 | 0 | @a绘画理论 |
| 606 | 0 | @a油画@x美术批评@y西方国家 |
| 690 | @aJ202@v4 | |
| 701 | 0 | @a雷诺兹@4著 |
| 702 | 0 | @a庞洵@APang Xun@4译 |
| 801 | 0 | @aCN@bNLC@c20040610 |
| 905 | @b341142@dJ202@e246@f1 | |
| 艺术史上的七次谈话=Seven Discourses on Art by Sir Joshua Reynolds:雷诺兹给予画家如何奠定艺术基础的忠告/(英)约书亚·雷诺兹著/庞洵译.-北京:中国人民大学出版社,2004 |
| 222页:图;24cm.-(朗朗书房.第二辑.西方艺术史论名著) |
| ISBN 7-300-05363-7:CNY49.80 |
| 该书收录了七次谈话内容。收录的演讲中包含了许多当代艺术评论的准则等内容。 |
| ● |
| 相关链接 |
|
|
|
|
正题名:艺术史上的七次谈话
索取号:J202/246
 
预约/预借
| 序号 | 登录号 | 条形码 | 馆藏地/架位号 | 状态 | 备注 |
| 1 | 0341142 | 203411423 | 第一样本阅览室/ [索取号:J202/246] | 在馆 |